<?xml version="1.0" encoding="UTF-8"?>
<marc:record xmlns:marc="http://www.loc.gov/MARC21/slim">
   <marc:leader>00000nam a2200000 a 4500</marc:leader>
   <marc:datafield ind1="1" ind2=" " tag="100">
      <marc:subfield code="a">Krack, Rainer</marc:subfield>
      <marc:subfield code="4">aut</marc:subfield>
      <marc:subfield code="e">Verfasser/-in</marc:subfield>
   </marc:datafield>
   <marc:datafield ind1=" " ind2=" " tag="653">
      <marc:subfield code="a">Softcover</marc:subfield>
   </marc:datafield>
   <marc:datafield ind1=" " ind2=" " tag="653">
      <marc:subfield code="a">Karte</marc:subfield>
   </marc:datafield>
   <marc:datafield ind1=" " ind2=" " tag="653">
      <marc:subfield code="a">Führer</marc:subfield>
   </marc:datafield>
   <marc:datafield ind1="0" ind2="0" tag="245">
      <marc:subfield code="a">Bangkok und Umgebung</marc:subfield>
   </marc:datafield>
   <marc:datafield ind1="0" ind2="0" tag="245">
      <marc:subfield code="b">Handbuch für die Hauptstadt Thailands und die Umgebung von Ayutthaya bis Hua Hin, vom River Kwai bis Pattaya</marc:subfield>
   </marc:datafield>
   <marc:datafield ind1="0" ind2="0" tag="245">
      <marc:subfield code="c">Rainer Krack</marc:subfield>
   </marc:datafield>
   <marc:datafield ind1=" " ind2="1" tag="264">
      <marc:subfield code="a">Bielefeld</marc:subfield>
      <marc:subfield code="b">Reise-Know-How-Verl. Rump</marc:subfield>
      <marc:subfield code="c">2004</marc:subfield>
   </marc:datafield>
   <marc:datafield ind1="1" ind2=" " tag="490">
      <marc:subfield code="a">Reise-Know-how : City</marc:subfield>
   </marc:datafield>
   <marc:datafield ind1=" " ind2=" " tag="250">
      <marc:subfield code="a">6., komplett aktualisierte Aufl.</marc:subfield>
   </marc:datafield>
   <marc:datafield ind1="1" ind2=" " tag="520">
      <marc:subfield code="a">Detaillierte Beschreibungen der 14 interessantesten Stadtteile machen eine der faszinierendsten Metropolen der Welt transparent und erlebbar. Dieser umfangreiche Stadtführer hilft mit seiner Fülle an praktischen Tips und fundierten landeskundlichen Informationen auch dem Asien-Unerfahrenen, sich in der vielseitigen Millionenstadt zurechtzufenden. Genaue Karten und Pläne sowie aktuell recherchierte Angaben zu Hotels, Restaurants, Sehenswürdigkeiten und Shopping neben Tips zu Ausflügen in die Umgebung bis nach Hua Hin und Pattaya machen dieses Handbuch zum nützlichen Begleiter sowohl für den Kurztrip wie für einen längeren Bangkok-Aufenthalt. Presseempfehlung: Deutsche Apotheker Zeitung 04/01: "Klar strukturiert, gutes Kartenmaterial, sauber recherchiert und inhaltlich genau das, was gebraucht wird."</marc:subfield>
   </marc:datafield>
   <marc:datafield ind1=" " ind2=" " tag="020">
      <marc:subfield code="a">9783831712632</marc:subfield>
      <marc:subfield code="9">9783831712632</marc:subfield>
   </marc:datafield>
   <marc:datafield ind1=" " ind2=" " tag="020">
      <marc:subfield code="a">3831712638</marc:subfield>
      <marc:subfield code="9">3831712638</marc:subfield>
   </marc:datafield>
   <marc:datafield ind1=" " ind2=" " tag="041">
      <marc:subfield code="a">ger</marc:subfield>
   </marc:datafield>
   <marc:datafield ind1=" " ind2=" " tag="300">
      <marc:subfield code="a">335 S.</marc:subfield>
   </marc:datafield>
</marc:record>
